[Event "London Classic KO 5th"]
[Site "London"]
[Date "2013.12.15"]
[Round "2.2"]
[White "Nakamura, Hikaru"]
[Black "Kramnik, Vladimir"]
[Result "1-0"]
[WhiteElo "2786"]
[BlackElo "2793"]
[Annotator "CB"]
[PlyCount "131"]
[EventDate "2013.12.14"]
[EventType "k.o. (rapid)"]
[EventRounds "3"]
[EventCountry "ENG"]
[SourceTitle "CBM 158"]
[Source "ChessBase"]
[SourceDate "2014.01.16"]
[SourceVersion "1"]
[SourceVersionDate "2014.01.16"]
[SourceQuality "1"]

1. d4 Nf6 2. c4 e6 3. Nc3 d5 4. cxd5 Nxd5 {Dieser Übergang in die
Semi-Tarrasch-Variante ist in letzter Zeit modern geworden, um die
Abtauschvariante des Damengambits zu vermeiden.} 5. e4 Nxc3 6. bxc3 c5 7. a3 {
Vermeidet das Schach und folgenden Tausch auf b4.} ({Die Hauptvariante
entsteht nach} 7. Nf3 cxd4 8. cxd4 Bb4+ 9. Bd2 Bxd2+ 10. Qxd2 O-O {zum
Beispiel:} 11. Rc1 b6 12. Bd3 Bb7 13. O-O Nd7 14. Qe3 Rc8 15. e5 Bxf3 16. Qxf3
Qh4 17. Qe3 Rfd8 18. f4 Nf8 19. Rxc8 Rxc8 20. f5 exf5 21. Bxf5 Rd8 22. Rd1 Ng6
23. Bxg6 hxg6 24. d5 Qc4 25. d6 Qe6 26. Qg3 b5 27. h3 a6 28. Qe3 Rd7 29. Qc5
Kh7 30. Qd5 Qe8 31. Rc1 Qd8 32. Rc6 Qg5 33. Qd4 Rd8 34. Rc5 Qg3 35. Qf2 Qxf2+
36. Kxf2 f6 37. Rc6 fxe5 38. Ke3 Kg8 39. Ke4 Kf7 40. Kd5 a5 41. Rc5 b4 42. Rxa5
Kf6 43. Ra7 Rb8 44. Kc6 b3 45. axb3 Rxb3 46. Ra8 Rc3+ 47. Kd7 e4 48. Rf8+ Kg5
49. Ke7 e3 50. d7 e2 51. d8=Q e1=Q+ 52. Kd6+ Qe7+ {1-0 (52) Aronian,L (2809)
-Kramnik,V (2801) Paris/St Petersburg 2013}) 7... g6 {Mal was anderes...} (7...
cxd4 8. cxd4 e5 (8... Be7) 9. Nf3 exd4 10. Qxd4 Qxd4 11. Nxd4 Be7 12. Be3 O-O
13. Bc4 Nd7 14. Ke2 Nb6 15. Bb3 Bd7 16. Nf5 Bf6 17. Rab1 Rfd8 18. Rhc1 Bb5+ 19.
Kf3 Bd3 20. Bc2 Ba6 21. Bb3 Bd3 22. Bc2 Ba6 23. Bb3 {1/2-1/2 (23) Svidler,P 
(2747)-Kramnik,V (2810) London 2013}) 8. Nf3 Bg7 9. h4 (9. e5 Qa5 10. Bd2 Nc6
11. Qb3 Qb6 12. Qxb6 axb6 13. Bb5 Bd7 14. O-O Nxe5 15. Nxe5 Bxb5 16. Rfb1 Bc6
17. Rxb6 O-O 18. Nxc6 bxc6 19. dxc5 Rfd8 20. Be1 Rd3 21. Rab1 Bxc3 22. R6b3
Bxe1 23. Rxd3 Ba5 24. Rb7 Bd8 25. Rdb3 Kg7 26. Rb8 Rxb8 27. Rxb8 Be7 28. Rc8
Bxc5 29. a4 Kf6 30. Rxc6 Bd4 31. a5 Ke7 32. Rc7+ Ke8 33. a6 {1-0 (33) Konig,C 
(2116)-Costello,C (2004) Maastricht 2007}) 9... Nc6 10. Be3 Qa5 11. Qd2 cxd4
12. cxd4 Qxd2+ 13. Kxd2 O-O {Das ist nun eher eine Position der
Grünfeld-Verteidigung, wobei Weiß hier die eher ungewöhnlichen Züge h4 und
a3 eingestreut hat.} 14. Bb5 Bd7 (14... Na5 15. Rab1 b6 16. Rhc1 Bb7 17. Kd3
$11) 15. Rhd1 Rfd8 16. Ke1 Nb4 $1 17. Bxd7 Nc2+ 18. Kd2 Nxa1 19. Ba4 (19. Rxa1
Rxd7 $19) 19... b5 {So kommt der Springer wieder raus.} 20. Bxb5 Nb3+ {Bilanz:
Schwarz hat eine Qualität gegen einen Bauern gewonnen.} 21. Ke2 Rac8 22. d5
exd5 23. exd5 {Weiß hat hier einiges Spiel mit seinem Freibauern und dem
Läuferpaar.} Nc5 (23... Rc2+ $5 24. Kf1 Nc5) 24. Rc1 (24. Bc6 $5) 24... Ne4 (
24... a6 $5 25. Bc6 (25. Bc4 Na4 26. Nd4 Bxd4 27. Bxd4 Rxd5 28. Bxd5 Rxc1 29.
Kd2 Rc7 30. Ba2 Nc5 $17) 25... Nb3 26. Rd1 Na5 27. Ba4 Rc4 28. Bb6 Rb8 29. Bxa5
Rxa4 30. Bb4 a5 31. Bc5 Rb5 $17) 25. Rxc8 Rxc8 26. Bc6 Rb8 (26... a6 $5 {
mit der Idee} 27. Bb7 Rb8 28. Bxa6 Nc3+ 29. Kd3 Nxd5 $17) 27. Bxa7 Rb2+ ({
Die Alternative war} 27... Rb3 {Nach} 28. a4 {ist} Nc3+ 29. Kd2 Nxa4 30. Bxa4
Ra3 31. d6 Rxa4 {möglich:} 32. Bb6 Ra6 33. Bc7 Bh6+ 34. Ng5 Bf8 35. d7 Be7 {
mit der Pointe:} 36. d8=Q+ (36. Ke3 Ra8 37. g4 Bd8 $17) 36... Bxd8 37. Bxd8
Rd6+ $17 {Ob dies zu gewinnen ist, ist allerdings fraglich.}) 28. Kf1 Ra2 29.
a4 Ra1+ 30. Ke2 Nc3+ 31. Kd3 Nxa4 32. Bxa4 Ra3+ 33. Ke2 (33. Kc4 $2 Rxa4+ $19)
33... Rxa4 34. Bb6 Kf8 35. g3 Ke8 36. Be3 Ra5 37. d6 Rd5 38. Bf4 f6 $17 39. Nd2
Kd7 40. Ne4 Ke6 41. Bd2 h6 42. d7 Kf7 $2 (42... Rxd7 $2 43. Nc5+ Kd6 44. Nxd7
Kxd7 $11) (42... Bf8 $1 $19 {hätte stattdessen den Bauern d7 erobert, mit
Gewinnchancen.}) 43. Nc5 {Etwas überraschend doch möglich.} Bf8 44. Ba5 Be7 (
44... Bxc5 45. d8=Q Rxd8 46. Bxd8 {remis.}) 45. Bb6 Rd6 46. Ba5 Rd5 47. Bb6 h5
48. Kf3 f5 49. Kg2 Rd2 50. Ba5 Rd5 51. Bb6 f4 52. Kf3 fxg3 53. fxg3 Rd6 54. Ba5
Rd4 {Schwarz kann hier jederzeit Remis durch Stellungswiederholung
herbeiführen, spielt aber noch auf Gewinn.} 55. Bb6 Rd1 56. Ba5 Rd5 57. Bb6
Rd1 58. Ba5 g5 59. hxg5 Kg6 60. Bb6 Bxg5 61. Ne6 Rd3+ $6 {Kostet eine Figur.} (
61... Be7 62. Nd4 Bd8 $11 (62... Kf7 $11)) 62. Ke4 Rd6 63. Nxg5 Rxd7 64. Nf3 {
Schon droht eine Gabel auf e5.} Re7+ (64... Rd6 65. Bd4 Ra6 66. Be3 {sollte
remis enden.}) 65. Ne5+ Kf6 $2 {Darauf hatte Weiß gewartet.} (65... Kg7 66.
Kf5 Re8 67. Be3 $16) 66. Bd8 1-0

[Event "Norway Chess 2nd"]
[Site "Stavanger"]
[Date "2014.06.05"]
[Round "3"]
[White "Giri, Anish"]
[Black "Kramnik, Vladimir"]
[Result "0-1"]
[WhiteElo "2752"]
[BlackElo "2783"]
[Annotator "Marin,M"]
[PlyCount "86"]
[EventDate "2014.06.03"]
[EventType "tourn"]
[EventRounds "9"]
[EventCountry "NOR"]
[EventCategory "21"]
[SourceTitle "CBM 161"]
[Source "ChessBase"]
[SourceDate "2014.07.16"]
[SourceVersion "1"]
[SourceVersionDate "2014.07.16"]
[SourceQuality "1"]

1. d4 Nf6 2. c4 e6 3. Nf3 d5 4. g3 Be7 5. Bg2 O-O 6. O-O dxc4 7. Qc2 a6 8. a4
Bd7 9. Qxc4 Bc6 10. Bf4 Bd6 {In the static lines of the Catalan this is a
typical and entirely viable "loss of time".} ({The by far more popular} 10...
a5 11. Nc3 Na6 {has also been trotted out in some recent games, for instance:}
12. Qd3 (12. Rae1 {Van Wely,L (2672)-Karjakin,S (2759) Wijk a1 (0-1, 60)an Zee
2014 CBM 159 [Marin,M]}) 12... Nb4 13. Qb1 Nbd5 {Giri,A (2734)-Karjakin,S 
(2759) Wijk aan Zee 2014 CBM 159 [Marin,M] (1/2-1/2, 32)}) 11. Qc1 $5 {A rare
move. The queen usually goes to c1 in the lines without a2-a4 when forced by ..
.Be4.} ({The most common answer is the equally typical loss of a tempo with} 
11. Bg5 {which eventually ensured White some slight initiative in Giri,A (2734)
-Aronian,L (2812) Wijk aan Zee 2014 CBM 159 [Marin,M] (1/2-1/2, 48)}) 11... a5
{The typical answer, blocking the queenside and preparing ...Na6-b4. Other
moves are playable, though.} (11... Nbd7 12. Nc3 Ne4 13. Rd1 Bxf4 14. Qxf4 Ndf6
15. Nb1 {This looks a bit more sophisticted than required by the position, but
has the advantage of offering Black choices on every move with chances to
confuse him.} (15. Ne5 Nxc3 16. bxc3 Bxg2 17. Kxg2 $14 {offers White a
comfortable space advantage.}) 15... Nd6 16. Nbd2 Qe7 17. Rdc1 Bd5 18. Bf1 h6
19. Qe3 Rfd8 20. Ne5 Nde4 21. f3 Nxd2 22. Qxd2 $14 {[%cal Ge2e4] After a long
manoeuvring phase, with possible improvements for both sides on the way, Black
has lost stability in the centre.} Nd7 $6 (22... b6 23. a5 $14 {[%csl Gb6,Gc6]}
) 23. Rxc7 $16 {Nielsen,P (2649)-Antonsen,M (2449) Koge 2013 (1-0, 40)}) ({
The simplistic} 11... Bxf4 12. Qxf4 Qd6 {may be not that bad and deserves
further investigation.} 13. Qxd6 (13. Nc3 $5) 13... cxd6 14. Nbd2 Bxf3 15. Bxf3
d5 16. Rfc1 Nc6 17. e3 Rfc8 $11 {Nowak,I (2330)-Bielavsky,J Warsaw 1979 (1-0,
42). Although White managed to increase his microscopic pressure and win, the
position looks rather equal.}) 12. Bd2 $5 $146 {This is not only a new move
but also the real original one in the game! By this paradoxical retreat White
attacks the a5-pawn aiming to prevent the planned knight manoeuvre to b4.} (12.
Nc3 Na6 13. Bg5 h6 14. Bh4 Bxf3 ({Threatening to win the h4-bishop with ...
g7-g5. The immediate} 14... g5 $2 {loses to} 15. Nxg5 hxg5 16. Qxg5+) 15. Bxf6
Qxf6 16. Bxf3 c6 17. Rd1 Rad8 18. Kg2 Bc7 19. e3 Qe7 20. Qc2 Nb4 21. Qb3 Rd7
22. Rac1 Rfd8 23. Ne4 Bb6 $11 {Fridman,D (2600)-Boruchovsky,A (2472) Warsaw
2013 (1/2-1/2, 42)}) 12... Nbd7 {Giving up the initial plan.} ({In fact, Black
could have prepared ...Nb8-a6-b4, but only with some loss of time.} 12... b6
13. Rd1 h6 $5 {Trying to play a waiting game before retreating with the bishop.
} (13... Bb7 14. Nc3 Na6 15. Ne5 $14) 14. Bf4 (14. Nc3 Na6 15. Nb5 Bd5) 14...
Bb7 {It is not easy to find any useful waiting move.} 15. Nc3 Na6 16. Nb5 Bd5 {
with a playable position for both sides.}) 13. Rd1 Qe8 $5 {It may seem that
this move mainly sets up pressure on the generally well defended a4-plan, but
there is a lot more behind it. The queen maneoeuvre is typical for the Iljin
Zhenevsky Dutch and the game will actually transpose to a structure of that
kind.} 14. Bc3 {This bishop has surely moved a lot.} (14. Nc3 {is more natural.
} {Knowing Kramnik's plan in the game, we could suspect he would have done
something similar with} Nd5 ({If White was worried about} 14... e5 {he
probably missed} 15. e4 $1 Bxe4 (15... Nxe4 $2 16. d5 Nxc3 17. Bxc3 $18) 16.
Nxe4 Nxe4 17. Be3 $44 {White surely has more play than in the game.}) 15. Nb5 (
15. Nxd5 exd5 {may create problems only for White.}) 15... f5 $5) 14... Ne4 ({
Once again, the thematic central break would not offer complete relief:} 14...
e5 15. dxe5 Nxe5 16. Nxe5 Bxg2 17. Kxg2 Bxe5 18. f3 (18. Qg5 Bxc3 19. Nxc3 Ne4)
18... Ra6 19. e4 Rc6 20. Qe3 $14) 15. Nfd2 (15. Ne5 Nxe5 16. dxe5 Bc5 $132)
15... f5 $5 {Quite an ambitious way of fighting for the light squares.} ({
A safer alternative of the same kind was} 15... Nxd2 16. Nxd2 Bxg2 17. Kxg2 Nb6
18. Qc2 f5 19. Nf3 Nd5 $11) 16. Nxe4 fxe4 {At first sight, Black has weakened
his central structure but the e4-pawn actually causes White space problems.
Although White's kingside structure is solid, the gradually building up black
pressure will be annoying.} 17. Be1 {Another bishop move with incomplete
development, but this is not completely atypical for the Catalan. Besides,
overdefending the f2-square would become necessary within a few moves anyway.}
(17. Qc2 Qh5 18. Bxe4 $2 (18. Be1) 18... Rxf2 $1 19. Kxf2 Qxh2+ {Black has a
winning attack. Here is a sample line in which the white king runs a lot
before being trapped.} 20. Ke3 Qxg3+ 21. Bf3 Bf4+ 22. Kd3 Bxf3 23. exf3 Qxf3+
24. Kc4 {The apogee of the king's incursion, now is time to retreat.} Qd5+ 25.
Kd3 Ne5+ 26. Ke2 Qg2+ 27. Ke1 Nf3#) 17... Qh5 18. Nc3 Nf6 19. h3 Rf7 20. e3
Raf8 21. Qc2 Qf5 {Both players have completed their mobilisation and Black's
position surely looks more active. The only question is whether White can take
advantage of Black's pawn weaknesses. Since e4 is well defended, White should
look for his chances on the queenside.} 22. Nb5 h5 $5 {[%cal Gf6h7,Gh7g5,Gh5h4]
Even though engines disagree with this move, I find it entirely logical and
correct. Black gives up the a5-pawn but keeps strengthening the kingside
pressure, thus obtaining at least excellent compensation.} ({There were two
entirely viable alternatives to this ambitious approach.} 22... Bb4 23. Bxb4
axb4 24. Rd2 (24. Qc4 $2 Ng4 25. hxg4 Qxf2+ 26. Kh1 Bd5 27. Qxb4 Qxg3) 24... h5
$132) ({Or} 22... Nd5 23. Nxd6 (23. Bxa5 $2 Bxg3 $1 24. fxg3 Nxe3 $17) 23...
cxd6 24. Rac1 Nb4 25. Bxb4 axb4 26. Rf1 Qd5 $11) 23. Bxa5 Nh7 24. Nxd6 (24. Be1
Ng5) 24... cxd6 25. Bb4 {Active defence. If allowed to play Bxd6, White could
insert his bishop into the kingside battle.} Qd5 {The best way to protect the
pawn. The rooks are needed on the f-file and moreover the c6-bishop requires
protection in view of the threat a4-a5-a6.} (25... Rd8 26. a5 Ng5 $6 27. a6
Nxh3+ (27... Nf3+ 28. Kh1) 28. Bxh3 Qxh3 29. a7 Ra8 30. Bxd6 h4 31. Ra5 $16) (
25... Qxf2+ 26. Qxf2 Rxf2 27. Bxd6 R8f7 28. b4 $16) 26. Rf1 (26. Rd2 {looks
more natural, but the character of the position would not change greatly after}
Ng5 27. a5 h4 28. g4 Bb5 {White cannot make any queenside progress. Although
his kingside looks solid enough, it would probably not be pleasant to live
with Black's latent pressure on this wing.}) 26... Ng5 27. b3 (27. a5 $2 Bb5 {
[%csl Gf2][%cal Gb5f1]}) 27... Rd8 $5 {Now that he has completed the knight
manoeuvre, Black needs the queen on f5.} 28. Rac1 (28. h4 Nf3+ 29. Bxf3 Rxf3
30. Kg2 Qf5 31. Rad1 Kf7 $1 {[%cal Gf7d7,Gd8g8]} 32. Rh1 Ke7 33. Rd2 Rg8 {
[%cal Gg7g5]}) 28... Nf3+ 29. Kh1 ({Maybe it would have been safer to take the
knight:} 29. Bxf3 Rxf3 30. Kg2 (30. h4 g5) 30... h4 31. g4 {Once again, White
may be able to survive the pressure by simply waiting. But this was not an
easy practical decision, of course.}) 29... Qf5 {But now, Bxf3 is not possible
anymore because of the intermediate ...Qxh3+. White has to live with the
knight on f3.} 30. Qe2 Kh7 {Still waiting before opening the centre.} (30... e5
$5) 31. Rc2 Bd5 32. Rc3 Kg6 33. Qc2 Kh7 34. Ba3 e5 {After the opening of the
d-file, Black's attack acquires more strength.} 35. dxe5 dxe5 36. b4 $6 {
I see two main drawbacks to this move. Dynamically, it delays the fight for
the open d-file. Statically, it weakens the light squares.} (36. Rd1 Rfd7 37.
Rc8 Bxb3 $5 38. Rxd7 Bxc2 39. Rcxd8 $13) 36... Be6 37. Bc1 Qg6 38. Rd1 Rxd1+
39. Qxd1 Rd7 $36 40. Qf1 (40. Qe2 Bg4 $1 41. Qf1 (41. hxg4 hxg4 42. Bxf3 gxf3
43. Qf1 Qh5+ 44. Kg1 Rd6) 41... Qf5 42. Rc2 Bxh3 $1 43. Bxh3 Qxh3+ $1 44. Qxh3
Rd1+ 45. Qf1 Rxf1+ 46. Kg2 Rg1+ 47. Kh3 g5 {with mate to follow.}) 40... Bf5 (
40... Qf7 $1 {[%cal Ge6b3,Gd7d1]} 41. Ba3 {[%cal Gc3c1]} Rd2 $19) 41. Rc2 (41.
Ba3 Qe6 42. Rc1 Rd2 $40) 41... Qe6 42. Qe2 (42. Bb2 Bxh3 43. Bxh3 Qxh3+ 44.
Qxh3 Rd1+) 42... g6 (42... Bxh3 43. Bxf3 exf3 44. Qxf3 Bg4 45. Qe4+ Bf5 46. Qc4
Rd1+ 47. Kh2 Qxc4 48. Rxc4 Bd3 49. Rc7 Be4 50. g4 (50. f3 Bxf3 51. g4 h4) 50...
Rh1+ 51. Kg3 h4#) 43. Rc4 $6 {Making things simpler for Black} Bxh3 (43... Bxh3
44. Rxe4 (44. Bxf3 exf3 45. Qxf3 Qxc4) 44... Bxg2+ 45. Kxg2 Ng5 46. Rh4 (46.
Rc4 Qh3+ 47. Kg1 e4) 46... Qc6+ {[%csl Gc1]}) 0-1

[Event "Norway Chess 2nd"]
[Site "Stavanger"]
[Date "2014.06.10"]
[Round "7"]
[White "Kramnik, Vladimir"]
[Black "Aronian, Levon"]
[Result "1/2-1/2"]
[WhiteElo "2783"]
[BlackElo "2815"]
[Annotator "Sumets,A"]
[PlyCount "125"]
[EventDate "2014.06.03"]
[EventType "tourn"]
[EventRounds "9"]
[EventCountry "NOR"]
[EventCategory "21"]
[SourceTitle "CBM 161"]
[Source "ChessBase"]
[SourceDate "2014.07.16"]
[SourceVersion "1"]
[SourceVersionDate "2014.07.16"]
[SourceQuality "1"]

1. d4 Nf6 2. c4 e6 3. Nf3 d5 4. Nc3 Bb4 5. cxd5 exd5 6. Qa4+ Nc6 7. Bg5 h6 8.
Bxf6 Qxf6 9. e3 {This line is considered as harmless. Kramnik tends to a calm
position, relying on his technical skills.} O-O 10. Be2 Rd8 ({Another option is
} 10... Be6 {In this case White can trade his knight for the opponent's
dark-squared bishop and get his favourite Carlsbad pawn structure.} 11. a3 (11.
O-O a6 {and White can't change the knight for the bishop anymore.} 12. Rfc1 Bd6
13. Qd1 Ne7 14. Na4 b6 15. Nc3 Rfc8 16. Qf1 b5 17. a4 c6 {We can't consider
the c6-pawn as a weakness. White has no space on the queenside to attack it.}
18. Nb1 bxa4 19. Nc3 Bg4 $6 (19... a3 $1 20. bxa3 Bf5 21. Na4 Rcb8 $11 22. Bxa6
$2 Be4 23. Nd2 c5 24. dxc5 Be5 $17) 20. Nxa4 Bxf3 21. Bxf3 $14 {Mamedyarov,S 
(2763) -Eljanov,P (2751) Astrakhan 2010 1/2 (36)}) 11... Bd6 12. Nb5 Bg4 13.
O-O Ne7 14. Nxd6 Qxd6 15. b4 f5 (15... c6 16. b5 cxb5 17. Qxb5 a6 18. Qb4 Qxb4
19. axb4 Rfc8 20. h3 Bf5 21. Rfc1 Rxc1+ 22. Rxc1 Rc8 $11 {1/2 (66) El Gindy,E 
(2507) -Aleksandrov,A (2668) Tripoli 2004}) 16. Qb3 Kh8 17. g3 Ng6 18. Bd1 Bh3
19. Re1 Rae8 20. Qc3 c6 21. Kh1 Bg4 22. Ng1 Ne7 23. Kg2 $14 {1/2 (66) Karpov,A
(2619) -Kravtsiv,M (2609) Hockenheim GER 2014}) 11. O-O Bf8 (11... a6 {Bacrot
wants to put his bishop on d6.} 12. Ne5 (12. a3 {seems to be stronger:} Bd6 $6
(12... Bf8 13. b4 Bf5 14. Qb3 Na7 {The knight is heading for d6} 15. Rfc1 c6
16. Na4 Nc8 17. Nc5 Nd6 18. a4 Bg4 19. Qd1 Bxf3 20. Bxf3 b5 21. Ra2 {1/2 (21)
Grabarczyk,M (2475)-Landa,K (2611) Germany 2010}) 13. Nxd5 Bxh2+ 14. Nxh2 Rxd5
15. Rac1 $14) 12... Nxe5 13. Qxb4 Ng6 14. Qc5 c6 15. b4 Nh4 $132 16. Kh1 Re8
17. a4 Bf5 18. Qb6 Re7 19. g3 $2 (19. b5) 19... Bd3 $19 {Legky,N (2461)-Bacrot,
E (2705) 0-1 (35) France 2007}) 12. Rfc1 Ne7 13. b4 a6 14. Qb3 c6 15. Na4 $1 (
15. a4 Ng6 16. b5 a5 17. bxc6 bxc6 {It is not easy to organize pressure
against the c6-pawn.} 18. Nd1 (18. Qc2 Be6 19. Nd1 $6 Rdc8 20. Nb2 c5 21. dxc5
Bxc5 $15)) 15... Bg4 {Aronian decided to prevent Ne5. Another logical idea was
to put his knight on d6.} (15... Nf5 16. Nc5 Nd6 17. Ne5 Bf5 18. a4 $14 {
White slowly prepares b5 and it is not easy to indicate what Black should do.})
16. Nc5 Ra7 (16... Rab8 17. a4 Nc8 18. Ra2 {and White keeps some pressure.} ({
a premature move is} 18. b5 axb5 19. axb5 Nd6 $11)) 17. a4 Nc8 $146 (17... Rda8
$5 {preventing b5} 18. h3 Bxf3 19. Bxf3 Nf5 20. Bg4 Nd6 {Black's rooks are
placed in a slightly ridiculous way but his position is very solid.}) (17...
Nf5 18. Ra2 Bd6 19. b5 axb5 20. axb5 Rxa2 21. Qxa2 Qe7 22. bxc6 bxc6 23. Qd2
Ra8 24. Nd3 Bxf3 25. Bxf3 Qg5 $11 {Zhou Weiqi (2601)-Yu Yangyi (2675) Danzhou
CHN 2014 1/2 (57)}) 18. Ra2 $1 {An important move. The bishop on e2 is well
protected and White can play Ne5. He also can double his rooks on the c-file.}
Bxf3 19. Bxf3 $14 Nb6 20. Be2 g6 21. g3 h5 22. h4 Nd7 {Levon trades knights.} (
{Perhaps his position would be more reliable after} 22... Bd6 23. Bf1 Kg7 24.
Rac2 Qe7 25. b5 $14) 23. Nxd7 $5 (23. Rac2 {I don't think that Black can take
on c5.} Qd6 24. b5 $14) 23... Rxd7 24. b5 axb5 25. axb5 Rxa2 26. Qxa2 {Black
is in trouble. After trading on c6 White has 3 pieces which can attack the
c6-pawn against 2 defenders.} Rc7 {Black has a very robust position.} 27. Qa8
Qd6 (27... Kg7 28. bxc6 bxc6 29. Bb5 g5) 28. Qb8 Qd7 (28... c5 29. Bf3) 29. Bf1
$1 {The idea of the last move is to weaken the opponent's king after Bh3 f5.}
Kg7 (29... Rc8 30. Qa7 cxb5 31. Rxc8 Qxc8 32. Bxb5 {it seems that White can
attack and take the d5-pawn for free. However Black launches a counter attack
and makes a draw.} g5 $1 33. hxg5 h4 34. g6 $5 hxg3 35. gxf7+ Kxf7 36. fxg3 Qc7
37. Kf2 Qc2+ 38. Be2 Qf5+ $11) 30. Bh3 f5 31. Ra1 Rc8 32. Qe5+ $6 {The queen
is misplaced in the center of the board.} (32. bxc6 $1 bxc6 33. Qb6 Bd6 34. Ra7
Rc7 35. Ra6 Rc8 36. Bf1 $16 {The bishop is heading for a4.}) 32... Kf7 33. bxc6
bxc6 34. Qf4 {Probably first of all Vladimir counted on 34.e4 but than
realised that it led to a draw.} (34. e4 Bd6 35. exf5 Bxe5 36. fxg6+ Kg7 37.
Bxd7 Bxd4 38. Bxc8 Bxa1 39. Bb7 c5 40. Bxd5 Kxg6 $11) 34... Bd6 35. Qh6 Bf8 36.
Qf4 Bd6 37. Qf3 {Vladimir has lost most of his advantage.} Kg7 38. Qe2 Rc7 {
A bit passive.} (38... Rb8 39. Qa2 Qc7 {intending take on g3} 40. Kg2 Rb4 $11)
39. Qa2 Be7 40. Qb3 Rb7 41. Qc3 Bb4 42. Qc2 Be7 43. Ra6 Rc7 44. Bg2 (44. Qc3 $1
Bf6 45. Qc5 Be7 46. Qb6 $14) 44... Qd6 (44... c5 $5 45. dxc5 Bxc5 46. Qd2 d4
47. e4 d3 48. Qg5 Rc6 49. Rxc6 Qxc6 50. exf5 Qf6 $11) 45. Bf3 {The bishop goes
on a4.} Qd7 46. Kg2 Bf6 47. Qc5 Be7 48. Qb6 $14 Bd8 49. Bd1 {Black is in
trouble. He can only count on a counter attack. For example, he can put his
queen on the e-file and meet Ba4 with ...Qe4+.} Rc8 50. Qb2 Rc7 51. Ba4 $6 {
It makes Black's life easier.} (51. Qb6 Rc8 52. Qb1 $1 $16 {followed by Ba4.}
c5 $2 53. dxc5 Rxc5 54. Qb8 $1 Bc7 55. Qb2+ $18) 51... f4 $1 52. exf4 Bxh4 53.
Qb8 (53. gxh4 Qg4+ 54. Kf1 Qh3+ 55. Kg1 (55. Ke2 $4 Re7+ 56. Kd2 Qf1 $19) 55...
Qg4+ $11) 53... Qd8 54. Qb6 Qe7 55. Kh2 $2 (55. Bc2 $1 Bf6 (55... Bxg3 $4 56.
Kxg3 h4+ 57. Kg2 $18) 56. Ra8 Kh7 57. Qb1 $14 {White still has chances to win
the game.}) 55... Bxg3+ $1 $11 56. Kxg3 h4+ $11 57. Kh2 Qd6 58. Bd1 (58. Kg1
Qxf4 $11 59. Qb2 $4 Re7 $19) 58... Rf7 (58... Qxf4+ 59. Kh3 Rf7 60. Qxc6 Qe4
61. f3 Rxf3+ $11) 59. Ra7 Qxf4+ 60. Kh3 Qxf2 61. Rxf7+ Qxf7 62. Qxc6 Qf1+ 63.
Kxh4 1/2-1/2